[Event "IV Integracyjny Turniej Szachowy "IDEA""]
[Site "Lubiewo k/Miedzyzdrojow"]
[Date "2015.05.31"]
[Round "9.2"]
[White "Strzelecki, Jerzy"]
[Black "Zminda, Bogdan"]
[Result "1/2-1/2"]
[WhiteElo "2088"]
[BlackElo "1944"]
[Annotator "Kajetan Przysiecki"]
[PlyCount "29"]
[EventDate "2015.05.??"]
[EventType "swiss"]
[EventRounds "9"]
[EventCountry "POL"]
[Source "K. Przysiecki"]
[SourceDate "2015.05.25"]

1. Nf3 c5 2. c4 Nc6 3. Nc3 g6 4. e3 Bg7 5. d4 d6 6. d5 Ne5 7. Nxe5 Bxe5 8. Bd3
Bxc3+ 9. bxc3 e5 10. dxe6 Bxe6 11. O-O Ne7 12. e4 Nc6 13. f4 f6 14. Qe2 Qe7 15.
Be3 1/2-1/2

[Event "IV Integracyjny Turniej Szachowy "IDEA""]
[Site "Lubiewo k/Miedzyzdrojow"]
[Date "2015.05.31"]
[Round "9.3"]
[White "Pojedziniec, Wladyslaw"]
[Black "Bobrowski, Piotr"]
[Result "1/2-1/2"]
[WhiteElo "2048"]
[BlackElo "2006"]
[Annotator "Kajetan Przysiecki"]
[PlyCount "27"]
[EventDate "2015.05.??"]
[EventType "swiss"]
[EventRounds "9"]
[EventCountry "POL"]
[Source "K. Przysiecki"]
[SourceDate "2015.05.25"]

1. c4 g6 2. Nc3 Bg7 3. g3 c5 4. Bg2 Nc6 5. d3 Nf6 6. e4 O-O 7. Nge2 Ne8 8. O-O
Nc7 9. Bg5 Ne6 10. Be3 Ned4 11. h3 d6 12. f4 Nxe2+ 13. Qxe2 Nd4 14. Qd2 1/2-1/2

[Event "IV Integracyjny Turniej Szachowy "IDEA""]
[Site "Lubiewo k/Miedzyzdrojow"]
[Date "2015.05.31"]
[Round "9.4"]
[White "Kozicz, Andrzej"]
[Black "Naruszewicz, Lukasz"]
[Result "1/2-1/2"]
[WhiteElo "2049"]
[BlackElo "1769"]
[Annotator "Kajetan Przysiecki"]
[PlyCount "125"]
[EventDate "2015.05.??"]
[EventType "swiss"]
[EventRounds "9"]
[EventCountry "POL"]
[Source "K. Przysiecki"]
[SourceDate "2015.05.25"]

1. e4 c5 2. Nf3 d6 3. d4 cxd4 4. Nxd4 Nf6 5. Nc3 g6 6. Be3 Bg7 7. f3 Bd7 8. Qd2
Nc6 9. O-O-O Rc8 10. Kb1 Qa5 11. g4 Ne5 12. h4 h5 13. Nb3 Qd8 14. g5 Nxf3 15.
Qf2 Nh7 16. Bxa7 O-O 17. Bb6 Qe8 18. Nd5 Bg4 19. Be2 Ne5 20. Nc7 Qc6 21. Bb5
Qxe4 22. Rde1 Qf5 23. Qxf5 Bxf5 24. Nd4 e6 25. Nxf5 gxf5 26. g6 Nf6 27. gxf7+
Kxf7 28. Rhg1 Bh6 29. Rg2 Rg8 30. Rxg8 Rxg8 31. Be2 Nfg4 32. Nb5 Bf8 33. Bc7
Kf6 34. Nxd6 Bxd6 35. Bxd6 Nf7 36. Bc5 Rc8 37. b4 e5 38. Bf3 e4 39. Bg2 Ke5 40.
c3 Nd8 41. Kb2 Ne6 42. Bb6 Rc6 43. Ba7 Rc8 44. Kb3 Kf4 45. a4 Kg3 46. Bxe4 fxe4
47. Rxe4 Re8 48. Kc4 Kxh4 49. a5 Kg3 50. b5 Rc8+ 51. Kb4 Ng5 52. Re7 h4 53.
Rxb7 h3 54. a6 h2 55. Bb8+ Rxb8 56. Rxb8 h1=Q 57. a7 Qe4+ 58. Ka5 Qc4 59. a8=Q
Qxc3+ 60. Kb6 Qd4+ 61. Kb7 Qd7+ 62. Kb6 Ne5 63. Qa2 1/2-1/2

[Event "IV Integracyjny Turniej Szachowy "IDEA""]
[Site "Lubiewo k/Miedzyzdrojow"]
[Date "2015.05.31"]
[Round "9.5"]
[White "Winiarski, Kazimierz"]
[Black "Szneider, Kazimierz"]
[Result "0-1"]
[WhiteElo "1929"]
[BlackElo "1748"]
[Annotator "Kajetan Przysiecki"]
[PlyCount "66"]
[EventDate "2015.05.??"]
[EventType "swiss"]
[EventRounds "9"]
[EventCountry "POL"]
[Source "K. Przysiecki"]
[SourceDate "2015.05.25"]

1. e4 e6 2. d4 d5 3. Nc3 Nf6 4. Bg5 Be7 5. e5 Nfd7 6. h4 a6 7. Qg4 f5 8. Qg3 c5
9. Nf3 Nc6 10. Ne2 cxd4 11. Nexd4 Ndxe5 12. Nxe5 Nxd4 13. O-O-O Nc6 14. Bxe7
Qxe7 15. f4 Bd7 16. Be2 O-O 17. h5 Rf6 18. Kb1 Rh6 19. Rh3 Rf8 20. c4 Nxe5 21.
fxe5 f4 22. Qb3 Bc6 23. Bf3 dxc4 24. Qxc4 Bxf3 25. Rxf3 Rxh5 26. Rxf4 Rxe5 27.
Rfd4 Rc5 28. Qb3 Rb5 29. Qe3 Qf6 30. R4d2 h6 31. a4 Rb4 32. b3 Rc8 33. Rb2 Rc3
0-1

[Event "IV Integracyjny Turniej Szachowy "IDEA""]
[Site "Lubiewo k/Miedzyzdrojow"]
[Date "2015.05.31"]
[Round "9.6"]
[White "Anglart, Edward"]
[Black "Marszalek, Jakub"]
[Result "0-1"]
[WhiteElo "1877"]
[BlackElo "1477"]
[Annotator "Kajetan Przysiecki"]
[PlyCount "47"]
[EventDate "2015.05.??"]
[EventType "swiss"]
[EventRounds "9"]
[EventCountry "POL"]
[Source "K. Przysiecki"]
[SourceDate "2015.05.25"]

1. e4 Nc6 2. d4 e5 3. d5 Nce7 4. Nf3 Ng6 5. Bd3 a6 6. O-O d6 7. h3 Be7 8. Nc3
h6 9. Ne2 Nf6 10. Ng3 Bd7 11. c4 b6 12. Re1 Nh7 13. Nh5 Kf8 14. Be3 Ng5 15. Nh2
Nh4 16. f4 exf4 17. Bd4 Bf6 18. Bxf6 gxf6 19. Nxf4 Rg8 20. Qh5 Ng6 21. Qxh6+
Ke7 22. Nxg6+ fxg6 23. Rf1 Rf8 24. Qg7+ 0-1

[Event "IV Integracyjny Turniej Szachowy "IDEA""]
[Site "Lubiewo k/Miedzyzdrojow"]
[Date "2015.05.31"]
[Round "9.7"]
[White "Pociejowski, Marek"]
[Black "Urban, Marek"]
[Result "1-0"]
[WhiteElo "1840"]
[BlackElo "1796"]
[Annotator "Kajetan Przysiecki"]
[PlyCount "48"]
[EventDate "2015.05.??"]
[EventType "swiss"]
[EventRounds "9"]
[EventCountry "POL"]
[Source "K. Przysiecki"]
[SourceDate "2015.05.25"]

1. d4 Nf6 2. c4 g6 3. Nc3 Bg7 4. e4 d6 5. f4 c6 6. Nf3 Nfd7 7. Bd3 Qc7 8. O-O
O-O 9. Be3 e5 10. fxe5 dxe5 11. d5 a6 12. Rc1 c5 13. Qd2 Nf6 14. h3 Qd6 15. a4
b6 16. Qf2 Nbd7 17. a5 bxa5 18. Na4 Rb8 19. Nxc5 Qc7 20. Nxd7 Nxd7 21. c5 f6
22. Bc4 Kh8 23. b3 Rb4 24. d6 Qd8 1-0

[Event "IV Integracyjny Turniej Szachowy "IDEA""]
[Site "Lubiewo k/Miedzyzdrojow"]
[Date "2015.05.31"]
[Round "9.8"]
[White "Szczerbak, Stefan"]
[Black "Olszewski, Jerzy"]
[Result "0-1"]
[WhiteElo "1568"]
[BlackElo "1707"]
[Annotator "Kajetan Przysiecki"]
[PlyCount "38"]
[EventDate "2015.05.??"]
[EventType "swiss"]
[EventRounds "9"]
[EventCountry "POL"]
[Source "K. Przysiecki"]
[SourceDate "2015.05.25"]

1. Nf3 c5 2. c4 Nc6 3. g3 g6 4. Bg2 Bg7 5. O-O Nf6 6. Nc3 d5 7. cxd5 Nxd5 8.
Qb3 Nc7 9. e3 O-O 10. a3 Re8 11. Nh4 Bd7 12. Re1 Na5 13. Qd1 Bc6 14. Nf3 b6 15.
Rb1 Ne6 16. b4 cxb4 17. axb4 Nc4 18. d4 Bb7 19. Qe2 Nd6 0-1

[Event "IV Integracyjny Turniej Szachowy "IDEA""]
[Site "Lubiewo k/Miedzyzdrojow"]
[Date "2015.05.31"]
[Round "9.10"]
[White "Krawiec, Stanislaw"]
[Black "Muller, Marcin"]
[Result "1-0"]
[WhiteElo "1510"]
[BlackElo "1576"]
[Annotator "Kajetan Przysiecki"]
[PlyCount "32"]
[EventDate "2015.05.??"]
[EventType "swiss"]
[EventRounds "9"]
[EventCountry "POL"]
[Source "K. Przysiecki"]
[SourceDate "2015.05.25"]

1. Nf3 d6 2. Nc3 e5 3. e4 a6 4. Bc4 Nf6 5. d3 h6 6. O-O Nc6 7. a3 Bg4 8. Be3
Qd7 9. b4 b5 10. Bb3 Be7 11. h3 Bxh3 12. gxh3 Qxh3 13. Nh2 Nd4 14. Bxd4 exd4
15. Ne2 Qh4 16. Ng3 Qf4 1-0